Statistics for Where is This City? - Americas

Click here to take the quiz!

General Stats

  • This quiz has been taken 18 times
  • The average score is 10 of 20

Answer Stats

QuestionAnswer% Correct
KingstonJamaica
89%
SacramentoUnited States
78%
AnchorageUnited States
72%
La PlataArgentina
61%
SalvadorBrazil
61%
CaliColombia
56%
San Pedro SulaHonduras
56%
LaredoUnited States
56%
El AltoBolivia
50%
HigueyDominican Republic
50%
ParamariboSuriname
50%
ZapopanMexico
44%
MaracayVenezuela
44%
OshawaCanada
39%
AntofagastaChile
39%
CorrientesArgentina
33%
CarrefourHaiti
33%
RiveraUruguay
28%
JoinvilleBrazil
11%
SaguenayCanada
11%

Score Distribution

Percentile by Number Answered

Percent of People with Each Score

Your Score History

You have not taken this quiz